| 000 | 00635nam a2200205Ia 4500 | ||
|---|---|---|---|
| 003 | GCL | ||
| 008 | 140319s9999 xx 000 0 ara d | ||
| 040 |
_aGCL / _cGCL |
||
| 082 | 0 | 4 |
_a817 _bا م |
| 100 | 1 | _aاحمد زهوة | |
| 245 | 1 | 0 |
_aمن نوادر الاعراب / _cاحمد زهوة |
| 260 |
_a[S.N] : _bدار النفائس للطباعة والنشر ، _c1993 |
||
| 300 | _a319 ص | ||
| 490 | _a | ||
| 650 | 0 | 4 | _aالادب العربى |
| 650 | 0 | 4 | _aالاهاجى والفكاهات |
| 650 | 0 | 4 | _aالنوادرالعربية |
| 650 | 0 | 4 | _aالادب الشعبى - العالم العربى |
| 942 |
_2ddc _cBK |
||
| 999 |
_c53985 _d53985 |
||